000 00295nam a2200121Ia 4500
008 191201s2007 xx 000 0 und d
100 _aRATHAKRISHNAN, E
245 0 _aFluid Mechanics: An Introduction
260 _aN. Delhi
_bPHI
_c2007
300 _a244
650 _aB.Tech(CE)
942 _2ddc
_cBK
999 _c6527
_d6527